Právo Európskej únie /

Hlavní autor: Funta, Rastislav, 1982-
Další autoři: Nebeský, Štefan, Juriš, Filip
Jazyk: Slovenština
Angličtina
Vydáno: Brno : Tribun EU, 2014
Vydání: 1st ed. in Tribun EU
Edice: Librix.eu
Témata:
Fyzický popis: 546 s. ; 21 cm
Language note: Část. anglický text
Knihy
Uloženo v:
LEADER 01699nam a2200445 a 4500
001 nkc20142568219
003 CZ PrNK
005 20140402083014.0
007 ta
008 140221s2014 xr f 000 0 slo
015 |a cnb002568219 
020 |a 978-80-263-0565-1  |q (brož.) 
035 |a (OCoLC)876342599 
040 |a BOA001  |b cze  |d ABA001 
041 0 |a slo  |a eng 
072 7 |a 34  |x Právo  |2 Konspekt  |9 16 
080 |a 341.171(4)  |2 MRF 
080 |a (048.8:082)  |2 MRF 
100 1 |a Funta, Rastislav,  |d 1982-  |7 jx20100609002  |4 aut 
245 1 0 |a Právo Európskej únie /  |c Rastislav Funta, Štefan Nebeský, Filip Juriš 
250 |a 1st ed. in Tribun EU 
260 |a Brno :  |b Tribun EU,  |c 2014 
300 |a 546 s. ;  |c 21 cm 
490 1 |a Librix.eu 
504 |a Obsahuje bibliografie a bibliografické odkazy 
521 8 |a Určeno pro posluchače právnických fakult, odborníkům z oblasti evropského práva, právníkům a odborníkům v souvisejících oborech jako je politologie a evropská studia 
546 |a Část. anglický text 
650 0 7 |a evropské právo  |7 ph121776  |2 czenas 
650 0 9 |a European law  |2 eczenas 
655 7 |a kolektivní monografie  |7 fd501537  |2 czenas 
655 9 |a collective monographs  |2 eczenas 
700 1 |a Nebeský, Štefan  |7 mzk2012695412  |4 aut 
700 1 |a Juriš, Filip  |7 mzk2012695415  |4 aut 
830 0 |a Librix.eu  |0 s 
910 2 |a BOA001  |b 2-1322.594 
990 |a BK 
995 |a 01 
991 |b 201403  |c NOV  |j 341 FUN  |e n 
996 6 |b 2610582832  |c 2-1322.594  |l MZK  |r Sklad / do 1 hodiny  |n 9  |p p.v.  |w 001404890  |u 000010  |a 1  |e BOA001  |j MZK50  |s P 
996 7 |b 2610582833  |c 2-1322.594  |l MZK  |r Sklad / do 1 hodiny  |n 16  |p p.v.  |w 001404890  |u 000020  |a 1  |e BOA001  |j MZK50  |s A